Escudos de Times de Futebol do Ceará - Statistics

Estatísticas Gerais
  • Esse quiz foi jogado 36 vezes
  • A pontuação média é 15 de 25
Estatísticas das Respostas
Imagem Resposta % Correto
Ceará
100%
Ferroviário
100%
Fortaleza
100%
Floresta
90%
Icasa
87%
Maracanã
81%
Horizonte
77%
Iguatu
77%
Atlético Cearense
74%
Caucaia
74%
CEFAT
65%
Guarani
58%
Guarany de Sobral
58%
Quixadá
58%
Tiradentes
55%
Maranguape
48%
Pacajus
48%
Barbalha
45%
Crato
35%
Itapipoca
35%
Cariri
32%
Cratéus
26%
Limoeiro
23%
Pacatuba
23%
Vila Real
16%
Nenhum quiz correspondente encontrado
Distribuição das Pontuações
Porcentagem de Pessoas com Cada Pontuação
Percentil de Números Respondidos
Sua Pontuação Histórica
Você não jogou esse quiz